Statistics for Languages of New Zealand

Click here to take the quiz!

General Stats

  • This quiz has been taken 103 times
  • The average score is 13 of 19

Answer Stats

# SpeakersLanguage% Correct
3.8 mil.English
100%
148 kMaori
96%
49 kFrench
85%
52 kMandarin
83%
26 kSpanish
80%
36 kGerman
79%
66 kHindi
75%
20 kJapanese
74%
10 kArabic
73%
44 kCantonese
71%
26 kKorean
69%
20 kNew Zealand Sign Language
69%
29 kTagalog
63%
86 kSamoan
59%
31 kTongan
51%
24 kDutch
49%
19 kPunjabi
44%
27 kAfrikaans
29%
17 kGujarati
24%

Score Distribution

Percentile by Number Answered

Percent of People with Each Score

Your Score History

You have not taken this quiz